Shirts in Glee's 'Born This Way' Quiz Stats

 Plays Quiz Updated Dec 26, 2018

Support Sporcle.
Go Orange.
Score 0/15 Timer 03:00
2 Plays Today
Person % Correct
Emma PillsburyOCD
94.5%
Rachel BerryNose
85.6%
Finn HudsonCan't Dance
81%
Will SchuesterButt Chin
74.4%
Santana LopezLebanese
70.7%
Kurt HummelLikes Boys
70.2%
Mike ChangCan't Sing
70.2%
Brittany PierceI'm With Stoopid↑
64.1%
Person % Correct
Artie AbramsFour Eyes
60.1%
Noah 'Puck' PuckermanI'm With Stupid↓
59.3%
Sam EvansTrouty Mouth
59.1%
Tina Cohen-ChangBrown Eyes
56.3%
Mercedes JonesNo Weave!
54.4%
Quinn FabrayLucy Caboosey
39.7%
Lauren ZizesBad Attitude
36.4%

You're not logged in!

Compare scores with friends on all Sporcle quizzes.
OR
Log In

From the Vault

Robert Downey Jr. Movies

by Ben

Even drugs and jail can't keep Robert Downey Jr. away from Sporclization.
Remove Ads.
Support Sporcle.
Get the best of Sporcle when you Go Orange. This ad-free experience offers more features, more stats, and more fun while also helping to support Sporcle. Thank you for becoming a member.

Show Comments

Extras

Top Quizzes Today


Score Distribution

Your Account Isn't Verified!

In order to create a playlist on Sporcle, you need to verify the email address you used during registration. Go to your Sporcle Settings to finish the process.

Report this User

Report this user for behavior that violates our Community Guidelines.

Details: